Miracles de Notre Dame par personnages (Record no. 161438)
[ view plain ]
| 000 -LEADER | |
|---|---|
| campo de control de longitud fija | 01205nam a2200205 i 4500 |
| 001 - NÚMERO DE CONTROL | |
| campo de control | 161438 |
| 003 - IDENTIFICADOR DE NÚMERO DE CONTROL | |
| campo de control | ES-MaACL |
| 005 - FECHA Y HORA DE LA ÚLTIMA TRANSACCIÓN | |
| campo de control | 20250905135300.0 |
| 008 - DATOS DE LONGITUD FIJA--INFORMACIÓN GENERAL | |
| campo de control de longitud fija | 990623s18761893fr |||| | fre d |
| 040 ## - FUENTE DE CATALOGACIÓN | |
| Centro catalogador/agencia de origen | CCPB | B |
| Lengua de catalogación | spa |
| Centro/agencia transcriptor | CCPB | B |
| 245 00 - MENCIÓN DEL TÍTULO | |
| Título | Miracles de Notre Dame par personnages |
| Resto del título | : publiés d'après le manuscrit de la bibliotèque nationale / |
| Mención de responsabilidad, etc. | par Gaston Paris & Ulysse Robert. |
| 260 ## - PUBLICACIÓN, DISTRIBUCIÓN, ETC. | |
| Lugar de publicación, distribución, etc. | Paris : |
| Nombre del editor, distribuidor, etc. | Librairie de Firmin Didot, |
| Fecha de publicación, distribución, etc. | 1876-1893. |
| 300 ## - DESCRIPCIÓN FÍSICA | |
| Extensión | 8 v. ; |
| Dimensiones | 23 cm. |
| 500 ## - NOTA GENERAL | |
| Nota general | En el t.VIII consta en port.: "glossaire et tables par François Bonnardot" |
| 505 8# - NOTA DE CONTENIDO CON FORMATO | |
| Nota de contenido con formato | Contiene. - T.I, 1876 (397 p.) - T.II, 1877 (408 p.) - T.III, 1878 (370 p.) - T.IV, 1879 (388 p.) - T.V, 1880 (338 p.) - T.VI, 1881 (300 p.) - T.VII, 1883 (369 p.) - T.VIII, 1893 (368 p.) |
| 700 1# - ENTRADA AGREGADA--NOMBRE PERSONAL | |
| Nombre de persona | Robert, Ulysse. |
| 9 (RLIN) | 131883 |
| 700 1# - ENTRADA AGREGADA--NOMBRE PERSONAL | |
| Nombre de persona | Paris, Gaston, |
| Fechas asociadas al nombre | 1839-1903 |
| 9 (RLIN) | 89136 |
| 852 ## - LOCALIZACIÓN | |
| Ubicación | ES-MaACL |
| Número de control de estantería | C-3172-79 |
| Nota libre | -- Enc. editorial en tela |
| Encuadernación | -- Edic.: Corregir en el tit.: "Miracles de Nostre Dame par personnages ..." -- El imp. es: Le Puy : typ. et lith. de M.-P. Marchessou, desde el t.III es: Imprimerie de Marchessou fils -- En antep. consta: Société des anciens textes français |
| Estatus retirado | Estado de pérdida | Estado de daño | No para préstamo | Colección | Biblioteca de origen | Biblioteca actual | Ubicación en estantería | Fecha de adquisición | Total de préstamos | Signatura topográfica completa | Código de barras | Visto por última vez | Precio de reemplazo | Tipo de ítem Koha |
|---|---|---|---|---|---|---|---|---|---|---|---|---|---|---|
| Libros del s. XIX | Biblioteca del Ateneo de Madrid | Biblioteca del Ateneo de Madrid | Sala Palomar | 17/01/2008 | C-3172-79 | 1169102 | 23/02/2023 | 23/02/2023 | Libro impreso antiguo |
